000 00645nam a2200205Ia 4500
003 GCL
008 140319s9999 xx 000 0 ara d
040 _aGCL /
_cGCL
082 0 4 _a260.9
_bا ت
100 1 _aابراهيم هلال
245 1 0 _aالتصوف الاسلامى بين الدين والفلسفة /
_cابراهيم هلال
260 _aالقاهرة :
_bدار النهضة العربية ،
_c1979
300 _a303 ص ؛
_c24 سم
650 0 4 _aتاريخ
650 0 4 _aالاسلام
650 0 4 _aالتصوف الاسلامى
650 0 4 _aالتصوف
650 0 4 _aتصوف الفلاسفة
942 _2ddc
_cBK
999 _c32416
_d32416